Hermaphrodito /

সংরক্ষণ করুন:
গ্রন্থ-পঞ্জীর বিবরন
প্রধান লেখক: Savinio, Alberto (লেখক)
অন্যান্য লেখক: Roscioni, Gian Carlo (ভূমিকা রচয়িতা, ইত্যাদি)
বিন্যাস: গ্রন্থ
ভাষা:ইতালিয়
প্রকাশিত: Torino : Einaudi, [1974]
মালা:Einaudi letteratura ; 36
বিষয়গুলি:
ট্যাগগুলো: ট্যাগ যুক্ত করুন
কোনো ট্যাগ নেই, প্রথমজন হিসাবে ট্যাগ করুন!

MARC

LEADER 00000nam a22000007i 4500
001 IT\ICCU\RAV\0052818
003 ItRI
005 20260115232229.0
008 890703s1974 it |||||| ||||| |||||c
015 |2 IT  |a S81824 
040 |b ita  |c importazione bologna sebina 
041 7 |a ita  |2 ISO-639-2 
082 |a 853.912  |9 NARRATIVA ITALIANA, 1900-1945  |2 21 
100 1 |a Savinio, Alberto  |0 IT\ICCU\CFIV\010622  |4 aut 
240 1 0 |a Hermaphrodito  |3 IT\ICCU\RAV\0065856  |9 Savinio, Alberto 
245 1 0 |a Hermaphrodito /  |c Alberto Savinio ; con una nota di Giancarlo Roscioni. 
260 |a Torino :  |b Einaudi,  |c [1974] 
300 |a 258 p. ;  |c 21 cm 
500 |a Contiene anche altri testi dell'Autore 
650 7 |a Letteratura 
700 1 |a Roscioni, Gian Carlo  |0 IT\ICCU\CFIV\064362  |4 aui 
790 1 |a De Chirico, Andrea  |3 IT\ICCU\CFIV\010623  |z Savinio, Alberto 
790 1 |a Sabinio, Almperto  |3 IT\ICCU\PUVV\323442  |z Savinio, Alberto 
830 0 |a Einaudi letteratura ;  |v 36  |0 IT\ICCU\CFI\0002813 
942 |2 ddc  |c BK  |n 0 
952 |0 0  |1 0  |4 0  |6 DOC_858_912000000000000_SAV  |7 0  |9 22498  |a BO  |b BO  |d 2026-01-15  |i 8602  |l 0  |o DOC 858.912 SAV  |p BO8602  |r 2026-01-15 23:22:29  |w 2026-01-15  |x [Sebina 5] [1 v.]  |y BK  |z 1 v. 
999 |c 19210  |d 19210